000 00737nam a2200181Ia 4500
003 GCL
008 140319s9999 xx 000 0 ara d
040 _aGCL /
_cGCL
082 0 4 _a327.605
_bر م
100 1 _aرشيد الناصورى
245 1 0 _aالمدخل فى التحليل الموضوعى المقارن للتاريخ الحضارى والسياسى فى جنوب غربى اسيا وشمال افريقيا الكتاب الثالث: المدخل فى التطور التاريخى للفكر الدينى /
_cرشيد الناصورى
300 _a190
490 _a100 قصة
_v0
650 0 4 _aافريقيا الشمالية
650 0 4 _aالعلاقات الخارجية
650 0 4 _aاسيا
942 _2ddc
_cBK
999 _c43853
_d43853